Собрание сочинений. Т. 3: Исчезнувший принц (Запись № 7263549)

Подробности
000 -МАРКЕР
контрольное поле 01086nam2a22002411 4500
001 - ИДЕНТИФИКАТОР ЗАПИСИ
контрольное поле rc\58357
005 - ИДЕНТИФИКАТОР ВЕРСИИ
контрольное поле 20250620200216.0
010 ## - МЕЖДУНАРОДНЫЙ СТАНДАРТНЫЙ НОМЕР КНИГИ (ISBN)
Номер (ISBN) 5-7325-0278-5
Тираж 50000
035 ## - ДРУГИЕ СИСТЕМНЫЕ НОМЕРА
Идентификатор записи (NLR Aleph) 005399783
100 ## - ДАННЫЕ ОБЩЕЙ ОБРАБОТКИ
Данные общей обработки 20021216d1993 |||y0rusy50 ca
101 0# - ЯЗЫК РЕСУРСА
Язык текста, звукозаписи и т.д. русский
102 ## - СТРАНА ПУБЛИКАЦИИ ИЛИ ПРОИЗВОДСТВА
Страна публикации Российская Федерация
105 ## - ПОЛЕ КОДИРОВАННЫХ ДАННЫХ: ТЕКСТОВЫЕ МАТЕРИАЛЫ, МОНОГРАФИЧЕСКИЕ
Кодированные данные о монографическом текстовом документе a |||||||||
200 1# - ЗАГЛАВИЕ И СВЕДЕНИЯ ОБ ОТВЕТСТВЕННОСТИ
Основное заглавие Исчезнувший принц
Сведения, относящиеся к заглавию [Роман
Первые сведения об ответственности Пер. Б. Пегелау]
210 ## - ПУБЛИКАЦИЯ, РАСПРОСТРАНЕНИЕ И ДР.
Дата издания, распространения и т.д. 1993
Место издания, распространения и т.д. Б. м.
215 ## - ФИЗИЧЕСКАЯ ХАРАКТЕРИСТИКА
Специфическое обозначение материала и объем 362, [2] с.
Другие сведения о физической характеристике ил.
Размеры 22
461 #0 - УРОВЕНЬ НАБОРА
Встроенное поле 001rc\58354
-- 2001#$aСобрание сочинений$eВ 4 т.$e[Для детей$eПер. с англ.]$fФрэнсис Элиза Бернетт$vТ. 3
-- 700#1$aБернет$bФ.Х.$gФренсис Ходжсон$f1849-1924
Системный номер (АБИС) связанной записи 7263522
Автор Бернет, Ф.Х. (1849-1924)
Место публикации СПб.
Дата публикации 1993-
Первые сведения об ответственности Фрэнсис Элиза Бернетт
Имя издателя, распространителя и т.д. Политехника
Сведения, относящиеся к заглавию В 4 т. : [Для детей : Пер. с англ.]
Заглавие Собрание сочинений
ISBN 5732502750
Номер тома Т. 3
801 #0 - ИСТОЧНИК ЗАПИСИ
Страна Российская Федерация
Организация NLR
Правила каталогизации psbo
801 #1 - ИСТОЧНИК ЗАПИСИ
Страна Российская Федерация
Организация ELAR
Источник данных rusmarc
852 ## - МЕСТОНАХОЖДЕНИЕ И ШИФР ХРАНЕНИЯ
Идентификатор организации NLR
Шифр хранения (Call Number) 93-3/807
942 ## - ДОПОЛНИТЕЛЬНЫЕ ЭЛЕМЕНТЫ ЗАПИСИ (АБИС)
Тип экземпляра АБИС Книга
980 ## - КОЛЛЕКЦИЯ
Название коллекции Национальная библиография
Экземпляры
Тип экземпляра Дата поступления Библиотека постоянного хранения Библиотека текущего хранения Место хранения Шифр хранения Штрих-код Статус экземпляра Источник поступления
Книга 26.10.2013 РНБ (Московский) РНБ (Московский) Русский книжный фонд: издания с 1957 года 93-3/807 1-978016    
Книга 20.08.2015 РНБ (Фонтанка) РНБ (Фонтанка) Юношеский читальный зал Ю И(США)/Б-51 1-117090   Источник неизвестен